<?xml version="1.0" encoding="UTF-8"?><?xml-stylesheet type="text/xsl" href="static/style.xsl"?><OAI-PMH xmlns="http://www.openarchives.org/OAI/2.0/" xmlns:xsi="http://www.w3.org/2001/XMLSchema-instance" xsi:schemaLocation="http://www.openarchives.org/OAI/2.0/ http://www.openarchives.org/OAI/2.0/OAI-PMH.xsd"><responseDate>2026-04-13T01:53:07Z</responseDate><request verb="GetRecord" identifier="oai:www.recercat.cat:2072/466129" metadataPrefix="marc">https://recercat.cat/oai/request</request><GetRecord><record><header><identifier>oai:recercat.cat:2072/466129</identifier><datestamp>2025-04-03T08:48:38Z</datestamp><setSpec>com_2072_98</setSpec><setSpec>col_2072_378192</setSpec></header><metadata><record xmlns="http://www.loc.gov/MARC21/slim" xmlns:dcterms="http://purl.org/dc/terms/" xmlns:xsi="http://www.w3.org/2001/XMLSchema-instance" xmlns:doc="http://www.lyncode.com/xoai" xsi:schemaLocation="http://www.loc.gov/MARC21/slim http://www.loc.gov/standards/marcxml/schema/MARC21slim.xsd">
   <leader>00925njm 22002777a 4500</leader>
   <datafield ind2=" " ind1=" " tag="042">
      <subfield code="a">dc</subfield>
   </datafield>
   <datafield ind2=" " ind1=" " tag="720">
      <subfield code="a">Ramírez Nárdiz, Alfredo</subfield>
      <subfield code="e">author</subfield>
   </datafield>
   <datafield ind2=" " ind1=" " tag="260">
      <subfield code="c">2015</subfield>
   </datafield>
   <datafield ind2=" " ind1=" " tag="520">
      <subfield code="a">La democracia participativa es una de las más importantes vías de evolución que la democracia tiene en el presente. El conocimientode su regulación y práctica en el Derecho Comparado resulta de especialimportancia para cualquier valoración que se quiera hacer del propio ordenamiento nacional. En el presente artículo se estudia la regulación y práctica de la democracia participativa en Francia, Reino Unido y Finlandia para comprender cómo se entiende la democracia participativa en distintos modelos jurídicos y poder extraer conclusiones aplicables al modelo de democracia participativa existente en Colombia, concluyendo que, si bien la introducción de herramientas participativas es esencial en cualquier democracia moderna, esto no puede hacerse a costa de debilitar el núcleo y la esencia representativa que la democracia del presente ha de tener necesariamente.</subfield>
   </datafield>
   <datafield ind2=" " ind1=" " tag="520">
      <subfield code="a">In this paper we reflect on the concept of business ethics, which has been eroding by companies that are administered in an unfair manner; also studied some cases of unfair competition recently committed in Colombia by some companies, which have exposed that should reflect on the relationship between legal and economic systems, which have generated a form of corrupt behavior or deflected into a business or part of those who direct, concluding that act ethically means committing to a set of values, norms and principles that should be reflected in the culture of the company, allowing them to develop socially responsible and adequate adaptation to all environments.</subfield>
   </datafield>
   <datafield tag="653" ind2=" " ind1=" ">
      <subfield code="a">Derecho constitucional</subfield>
   </datafield>
   <datafield tag="653" ind2=" " ind1=" ">
      <subfield code="a">Democracia participativa</subfield>
   </datafield>
   <datafield tag="653" ind2=" " ind1=" ">
      <subfield code="a">Europa</subfield>
   </datafield>
   <datafield tag="653" ind2=" " ind1=" ">
      <subfield code="a">Francia</subfield>
   </datafield>
   <datafield tag="653" ind2=" " ind1=" ">
      <subfield code="a">Reino Unido</subfield>
   </datafield>
   <datafield tag="653" ind2=" " ind1=" ">
      <subfield code="a">Finlandia</subfield>
   </datafield>
   <datafield tag="653" ind2=" " ind1=" ">
      <subfield code="a">Unfair competition</subfield>
   </datafield>
   <datafield tag="653" ind2=" " ind1=" ">
      <subfield code="a">Business ethics</subfield>
   </datafield>
   <datafield tag="653" ind2=" " ind1=" ">
      <subfield code="a">Social responsibility</subfield>
   </datafield>
   <datafield tag="653" ind2=" " ind1=" ">
      <subfield code="a">ODS 16: Paz, justicia e instituciones sólidas</subfield>
   </datafield>
   <datafield ind2="0" ind1="0" tag="245">
      <subfield code="a">Estudio comparado de la democracia participativa en distintos ordenamientos europeos</subfield>
   </datafield>
</record></metadata></record></GetRecord></OAI-PMH>